GMMTV Artists (February 2026) - Statistics

General Stats
  • This quiz has been taken 463 times
    97 since last reset
  • The average score is 89 of 159
Answer Stats
Hint Answer % Correct
GMMTV Phuwin
100%
GMMTV Pond
98%
GMMTV Boom
97%
GMMTV Mark
97%
GMMTV Win
97%
GMMTV Aou
95%
GMMTV Off
94%
GMMTV Sea
94%
GMMTV Gun
92%
GMMTV Ohm
92%
GMMTV Perth
92%
GMMTV Santa
92%
GMMTV Satang
91%
GMMTV William
91%
GMMTV Earth
89%
GMMTV Gawin
89%
GMMTV Jimmy
89%
GMMTV Mix
89%
GMMTV New
89%
GMMTV Joss
88%
GMMTV Nanon
88%
GMMTV Tay
88%
GMMTV Est
86%
GMMTV Joong
86%
GMMTV Book
84%
GMMTV Dunk
84%
GMMTV Emi
84%
GMMTV Fourth
84%
GMMTV Gemini
84%
GMMTV Lego
84%
GMMTV Winny
84%
GMMTV First
83%
GMMTV Force
83%
GMMTV Junior
83%
GMMTV Keen
83%
GMMTV Nut
83%
GMMTV Milk
81%
GMMTV Bonnie
80%
GMMTV Khaotung
80%
GMMTV Sing
80%
GMMTV Tu
80%
GMMTV Hong
78%
GMMTV Krist
78%
GMMTV Love
78%
GMMTV Poon
78%
GMMTV JJ
77%
GMMTV Ken
77%
GMMTV Kin
77%
GMMTV Pream
77%
GMMTV Sky
77%
GMMTV Namtan
75%
GMMTV Nani
75%
GMMTV Prem
75%
GMMTV Aj
73%
GMMTV Mick
73%
GMMTV Boun
72%
GMMTV Film
72%
GMMTV Neo
72%
GMMTV Singto
72%
GMMTV Chimon
70%
GMMTV Luke
70%
GMMTV Aston
67%
GMMTV Dew
67%
GMMTV Java
67%
GMMTV Marc
67%
GMMTV Chokun
66%
GMMTV Paul
66%
GMMTV Surf
63%
GMMTV Tee
63%
GMMTV View
63%
GMMTV Barcode
61%
GMMTV Almond
58%
GMMTV Aun
58%
GMMTV Tui
58%
GMMTV Fluke
56%
GMMTV Mim
56%
GMMTV Ciize
55%
GMMTV Jan
55%
GMMTV Jingjing
55%
GMMTV June
55%
GMMTV Progress
55%
GMMTV Bright
53%
GMMTV Mond
53%
GMMTV Ashi
48%
GMMTV Ford
48%
GMMTV Godji
48%
GMMTV Prim
48%
GMMTV Acare
47%
GMMTV Great
47%
GMMTV Jennie
47%
GMMTV Louis
47%
GMMTV Aungpao
45%
GMMTV Sammie
45%
GMMTV Inn
44%
GMMTV Kapook
44%
GMMTV Leo
42%
GMMTV Pahn
42%
GMMTV Pod
42%
GMMTV Prom
42%
GMMTV Arm
41%
GMMTV Papang
41%
GMMTV Ryu
41%
GMMTV Stamp
39%
GMMTV Golf
38%
GMMTV Mewnich
38%
GMMTV Aye
36%
GMMTV Earn
34%
GMMTV Kay
34%
GMMTV Leng
34%
GMMTV Mint
34%
GMMTV Save
33%
GMMTV Captain
31%
GMMTV Pompam
31%
GMMTV Singha
31%
GMMTV Fond
30%
GMMTV Jamie
30%
GMMTV Jaoying
30%
GMMTV Soodyacht
30%
GMMTV Title
30%
GMMTV Franc
28%
GMMTV Piploy
28%
GMMTV Chelsea
27%
GMMTV Thor
27%
GMMTV Chari
25%
GMMTV Sangt
25%
GMMTV Juno
23%
GMMTV Parn
23%
GMMTV Mac
22%
GMMTV Ping
22%
GMMTV Guitar
20%
GMMTV Khaokla
20%
GMMTV Pun
20%
GMMTV Tham
20%
GMMTV Yoghurt
20%
GMMTV Indy
19%
GMMTV Mantra
19%
GMMTV Teshow
19%
GMMTV Titan
19%
GMMTV Benz
16%
GMMTV Mook
16%
GMMTV Nicky
16%
GMMTV Tata
16%
GMMTV Tor
16%
GMMTV Mymé
14%
GMMTV Ployphach
14%
GMMTV Artist
13%
GMMTV Pang
13%
GMMTV Tonkhaw
9%
GMMTV Michiru
8%
GMMTV Pluem
8%
GMMTV Waifha
8%
GMMTV Lighty
6%
GMMTV Maitai
6%
No matching quizzes found
Score Distribution
Percent of People with Each Score
Percentile by Number Answered
Your Score History
You have not taken this quiz since the last reset